Fundición y territorio. Reflexiones históricas sobre los orígenes de la Fundición Paipote.

Guardat en:
Dades bibliogràfiques
Altres autors: O'Brien, Juan (Editor), Apey, María Angélica (autora), Culver, William (autor), Edwards, Hernán (autor), Feliú J., Manuel (autor), Gross Fuentes, Patricio (autor), Ibáñez Gutiérrez, Adolfo (autor), Martínez, Gerardo (autor), Reinhart, Cornel (autor), Zausquevich, Andrés (autor)
Format: Llibre
Idioma:espanyol
Publicat: Santiago, Chile: Universitaria, 1992.
Edició:Primera edición.
Matèries:
Etiquetes: Afegir etiqueta
Sense etiquetes, Sigues el primer a etiquetar aquest registre!

MARC

LEADER 00000cam a2200000 a 4500
001 UCC8726
003 CL-VaPUC
005 20241021124843.0
008 190809e19920000cl |||||||||||||||||spa|d
999 |c 374978  |d 374976 
040 |c Pontificia Universidad Católica de Valparaíso 
082 0 4 |a 669.84983 OBR 1992  |2 21 
100 |a O'Brien, Juan  |e editor  |9 516082 
245 1 0 |a Fundición y territorio.  |b Reflexiones históricas sobre los orígenes de la Fundición Paipote. 
250 |a Primera edición. 
260 |a Santiago, Chile:  |b Universitaria,  |c 1992. 
300 |a 258 páginas. 
500 |a c. Fondo Budge. Donación del Profesor Sr. Eduardo Cavieres. 05-08-2019. 
583 |a last modification  |c 20190809 11:18:00  |k Rodrigo Vera 
650 0 |a Industria minera  |9 260256 
650 0 |a Historia de la minería  |9 326009 
650 0 |a Minería chilena  |9 375905 
651 7 |a PAIPOTE  |2 CL-VaPUC  |9 511889 
700 |a Apey, María Angélica  |e autora  |9 603444 
700 |a Culver, William  |e autor  |9 603445 
700 |a Edwards, Hernán  |e autor  |9 302606 
700 |a Feliú J., Manuel  |e autor  |9 452096 
700 |a Gross Fuentes, Patricio  |e autor  |9 587280 
700 |a Ibáñez Gutiérrez, Adolfo  |e autor  |9 858018 
700 |a Martínez, Gerardo  |e autor  |9 603449 
700 |a Reinhart, Cornel  |e autor  |9 603450 
700 |a Zausquevich, Andrés  |e autor  |9 603451 
852 |a BIBCUR 
942 |c BK  |2 ddc 
945 |d 20190809 11:18:00  |a dcastane 
952 |0 0  |1 0  |3 erb  |4 0  |6 669_849830000000000_OBR_1992  |7 0  |8 X  |9 493764  |a FDOBUD  |b FDOBUD  |i 5595126  |o 669.84983 OBR 1992  |p 5595126  |r 2019-11-24  |w 2019-11-24  |y BK_X  |z Catalogado en:20190809  |k BUD